| 000 | 01240cam a2200205 4500 | ||
|---|---|---|---|
| 001 | WB4023-12 | ||
| 008 | 040615n2004 000 0 eng u | ||
| 035 | _a(Sirsi) u126478 | ||
| 245 | _aGreen light to extend key worker programme | ||
| 260 | _c2004 | ||
| 490 |
_aInside Housing _v11 June 2004, 3(1) |
||
| 520 | _aODPM is launching a consultation that could extend the Key Worker Living programme to housing hot spots outside the southeast of England. ODPM has published new guidance on preparing next year's regional housing strategies which encourages housing boards to identify groups of workers outside of those identified as key workers under the Key Worker Living scheme."Regional housing strategies and recommendations for housing capital allocations" is available on the ODPM website http://www.odpm.gov.uk/stellent/groups/odpm_housin g/documents/page/odpm_house_029019.hcsp. Information on the Key Worker Living programme is available at http://www.odpm.gov.uk/stellent/groups/odpm_housin g/documents/page/odpm_house_026955.hcsp. | ||
| 590 | _aWB | ||
| 590 | _aWB | ||
| 650 |
_aAffordable housing _96215 |
||
| 650 | _aKEY WORKERS | ||
| 650 | _aREGIONAL HOUSING BOARDS | ||
| 690 | _aHOUSING-SOCIAL HOUSING | ||
| 942 | _n0 | ||
| 999 |
_c117516 _d117516 |
||